| 000 | 00710nam a2200193 a 4500 | ||
|---|---|---|---|
| 001 | 000032641 | ||
| 005 | 20200930065742.0 | ||
| 008 | 110725s1945 dr r 000 0 spa d | ||
| 040 |
_aDO-SdBNP _bspa _cBNPHU |
||
| 082 |
_a972.93 _bL791d |
||
| 100 | 1 |
_aLlaverías, Federico _910157 |
|
| 245 | 1 | 3 |
_aEl día del benefactor de la patria / _cFederico Llaverías. |
| 260 |
_aSantiago, República Dominicana : _bEl diario, _c[1945?]. |
||
| 300 |
_a15 p. ; _c24 cm. |
||
| 500 | _aDiscurso pronunciado por el Lic. Federico Llaverías, en el acto celebrado el día 14 de enero de 1945 | ||
| 590 | _aInventariado, 2018/ YL | ||
| 651 | 4 |
_aRepública Dominicana _xHistoria _9170 |
|
| 910 | _aValidado. Control de calidad MFF | ||
| 999 |
_c32132 _d32132 |
||